000 01789ngm a2200349 a 4500
003 BLK
005 20240925005446.0
008 180410b bul||n||s|||||||| mlbulo|
010 _aCDD00001670000
040 _aBLK
041 _aBUL
_cBUL
080 _aХудожествени филмови жанрове
_b791.221/.228
_x(497.2)
_z791.221/.228(497.2)
245 1 0 _aРицар без броня [видео DVD]
_cсценарист Валери Петров; режисьор Борислав Шаралиев; в ролите Олег Ковачев; оператор Атанас Тасев.
257 _aBGR
260 _bНац. филмов център
_c2005
_aСофия
300 _a(3,51 GB)(1 ч. 18 мин. 19 сек.)
_c12 см
_e1 брош.(1 л. ; 17Х47 см, сгънат до 17Х12 см
380 _a7
490 _aDVD колекция Златни български филми
_v6
500 _aИзт. : Загл. екран ; Етикет ; Обложка ; Брош. - Системни изисквания : DVD устройство ; Windows Media Player. - Съдържа и За филма ; За колекцията
590 _aS.N: 57782 от КНИГИ
653 _9181193
_aАпостол Карамитев
700 _aПетров, Валери
_d1920 - 2014
_qМеворах, Валери Нисим
_9363347
700 1 _aШаралиев, Борислав
_eрежисьор
_9142726
700 1 _aКовачев, Олег
_eв ролите
_9354352
700 1 _aТасев, Атанас
_eоператор
_9354353
852 _aЦб CD 1079
_p0
856 4 _qpdf
_u
856 4 _qpdf
_u
942 _cCDD
_n0
944 _aED
_c23.05.2024
_k
_lCRON CRON
999 _c219339
_d219339